Premier League Teams 23/24 - Fulham - Statistics

General Stats
  • This quiz has been taken 4 times
  • The average score is 13 of 21
Answer Stats
Question Answer % Correct
How many top division titles have they won? 0
100%
What is the colour of their home kit? Black and White
100%
Which team is their closest rival? Chelsea
100%
What is the name of their stadium? Craven Cottage
100%
Who is their head Coach? Marco Silva
100%
Which year did they win their most recent top division title? No Titles
100%
What is their nickname? The Cottagers
100%
How many consecutive seasons in the top division? Two
100%
Their record home attendance was against Millwall in 1938. How many were there. (To the nearest 1,000) 49,335
75%
Which company sponsors their kit? SBOTOP
75%
Who is the chairman? Shahid Khan
75%
Who is the owner of the club? (If more than one owner, use the person/company with the majority stake) Shahid Khan
75%
Their youngest first team player was only 15 years, 174 days. What was his name? Harvey Elliott
50%
With 658 games, who has played the most for them? Johnny Haynes
50%
...and what does it mean in English? For citizens and state
25%
With 178 goals, who is their record goal scorer? Gordon Davies
25%
Their record league win was 10-1 in 1963. Can you name their opponent? Ipswich Town
25%
What is their motto? Pro civibus et civitate
25%
Their biggest loss was against Liverpool in 1986. What was the score? 0-10
0%
Their oldest first team player was 41 years, 171 days. Who was it? Harry Lowe
0%
Their record cup win was 7-0 in 1995. Who was it against? Swansea City
0%
No matching quizzes found
Score Distribution
Percent of People with Each Score
Percentile by Number Answered
Your Score History
You have not taken this quiz